00478nam a2200157Ia 4500008004100000020001400041082001400055100002000069245004900089250000700138260004500145300004000190500001900230600002100249650005000270240925s9999 xx 000 0 und d a138947597 a005.8 MCC aMcCarthy, Linda 0aInternet Security: stories from the trenches aNA aNew Jersey:bPrintice- Hall Int.c,1998. axx,730p.bNAfInternational Edition aIncludes Index aComputer Science aComputer science, information & general works